000 00611nam a2200229Ia 4500
003 OSt
005 20221006163906.0
006 a|||||r|||| 00| 0
007 ta
008 221006b |||||||| |||| 00| 0 eng d
024 _a2,391
037 _cAnnuals, Advances
040 _aFML
_cFML
_beng
041 _2eng
_aeng
082 _aMI5, L5
100 _aRogers Joyce Au.
_9676122
245 0 _aThe Art of Flower Arrangment
260 _aLondon
_bHamlyn Publishing House
_c1975
300 _a96
_ccm.
942 _hMI5, L5
_cREF
_2CC
999 _c1115645
_d1115645